[Event "DEM U18w 2025"]
[Site "Willingen GER"]
[Date "2025.06.09"]
[Round "3"]
[White "Loos, Violeta"]
[Black "Gyácsok, Dzvinka"]
[Result "0-1"]
[Termination "normal"]
[Board "14"]
[WhiteElo "1544"]
[BlackElo "1689"]
[WhiteClock "00:01:06"]
[BlackClock "00:04:52"]
[PlyCount "70"]
[WhiteFideId "34605290"]
[BlackFideId "16298292"]
[EventCountry "GER"]
[EventRounds "9"]
[EventType "swiss"]
[EventDate "2025.06.07"]

1. e4 {[%clk 01:30:58]} {[%emt 00:00:02]} e5 {[%clk 01:30:55]} {[%emt
00:00:06]} 2. Nc3 {[%clk 01:31:24]} {[%emt 00:00:04]} Nc6 {[%clk 01:30:52]}
{[%emt 00:00:33]} 3. Bc4 {[%clk 01:31:46]} {[%emt 00:00:07]} Nf6 {[%clk
01:30:30]} {[%emt 00:00:52]} 4. d3 {[%clk 01:32:05]} {[%emt 00:00:11]} Be7
{[%clk 01:18:20]} {[%emt 00:12:40]} 5. f4 {[%clk 01:27:50]} {[%emt 00:04:45]}
d6 {[%clk 01:08:48]} {[%emt 00:10:02]} 6. Nf3 {[%clk 01:25:34]} {[%emt
00:02:46]} exf4 {[%clk 01:01:29]} {[%emt 00:07:49]} 7. Bxf4 {[%clk 01:23:37]}
{[%emt 00:02:26]} Be6 {[%clk 00:59:47]} {[%emt 00:02:13]} 8. Bb3 {[%clk
01:07:46]} {[%emt 00:16:21]} O-O {[%clk 00:55:00]} {[%emt 00:05:16]} 9. O-O
{[%clk 01:04:51]} {[%emt 00:03:25]} Bxb3 {[%clk 00:51:34]} {[%emt 00:03:57]}
10. axb3 {[%clk 01:05:07]} {[%emt 00:00:14]} Nd7 {[%clk 00:50:56]} {[%emt
00:01:07]} 11. Nd5 {[%clk 00:56:22]} {[%emt 00:09:16]} Bf6 {[%clk 00:45:41]}
{[%emt 00:05:45]} 12. c3 {[%clk 00:54:33]} {[%emt 00:02:19]} Ne7 {[%clk
00:41:05]} {[%emt 00:05:06]} 13. Nxf6+ {[%clk 00:52:41]} {[%emt 00:02:22]} Nxf6
{[%clk 00:40:57]} {[%emt 00:00:38]} 14. b4 {[%clk 00:46:01]} {[%emt 00:07:10]}
Ng6 {[%clk 00:38:53]} {[%emt 00:02:34]} 15. Be3 {[%clk 00:45:14]} {[%emt
00:01:18]} a6 {[%clk 00:38:07]} {[%emt 00:01:15]} 16. Bd4 {[%clk 00:43:34]}
{[%emt 00:02:10]} Qe7 {[%clk 00:36:51]} {[%emt 00:01:47]} 17. Qd2 {[%clk
00:33:41]} {[%emt 00:10:22]} Rad8 {[%clk 00:34:28]} {[%emt 00:02:53]} 18. h3
{[%clk 00:29:50]} {[%emt 00:04:20]} c5 {[%clk 00:27:09]} {[%emt 00:07:50]} 19.
bxc5 {[%clk 00:27:36]} {[%emt 00:02:45]} dxc5 {[%clk 00:27:17]} {[%emt
00:00:21]} 20. Be3 {[%clk 00:26:31]} {[%emt 00:01:35]} Nxe4 {[%clk 00:24:38]}
{[%emt 00:03:09]} 21. Qc2 {[%clk 00:20:29]} {[%emt 00:06:32]} Ng3 {[%clk
00:22:45]} {[%emt 00:02:23]} 22. Rfe1 {[%clk 00:20:21]} {[%emt 00:00:38]} Qd6
{[%clk 00:21:47]} {[%emt 00:01:29]} 23. d4 {[%clk 00:17:03]} {[%emt 00:03:48]}
cxd4 {[%clk 00:20:23]} {[%emt 00:01:53]} 24. Bxd4 {[%clk 00:16:34]} {[%emt
00:00:59]} Rfe8 {[%clk 00:17:48]} {[%emt 00:03:05]} 25. Qb3 {[%clk 00:10:35]}
{[%emt 00:06:28]} Qd7 {[%clk 00:12:39]} {[%emt 00:05:40]} 26. Bb6 {[%clk
00:08:01]} {[%emt 00:03:03]} Rc8 {[%clk 00:12:01]} {[%emt 00:01:09]} 27. Ng5
{[%clk 00:02:42]} {[%emt 00:05:48]} h6 {[%clk 00:09:16]} {[%emt 00:03:15]} 28.
Rxe8+ {[%clk 00:02:11]} {[%emt 00:01:01]} Rxe8 {[%clk 00:08:37]} {[%emt
00:01:10]} 29. Rd1 {[%clk 00:02:24]} {[%emt 00:00:18]} Qe7 {[%clk 00:07:48]}
{[%emt 00:01:18]} 30. Nf3 {[%clk 00:00:44]} {[%emt 00:02:09]} Ne5 {[%clk
00:05:44]} {[%emt 00:02:35]} 31. Nxe5 {[%clk 00:00:45]} {[%emt 00:00:30]} Qxe5
{[%clk 00:05:58]} {[%emt 00:00:15]} 32. Rd8 {[%clk 00:00:46]} {[%emt 00:00:29]}
Qe1+ {[%clk 00:05:21]} {[%emt 00:01:07]} 33. Kh2 {[%clk 00:01:06]} {[%emt
00:00:09]} Nf1+ {[%clk 00:05:27]} {[%emt 00:00:24]} 34. Kh1 {[%clk 00:00:56]}
{[%emt 00:00:40]} Nd2+ {[%clk 00:05:10]} {[%emt 00:00:48]} 35. Kh2 {[%clk
00:01:06]} {[%emt 00:00:20]} Nxb3 {[%clk 00:04:52]} {[%emt 00:00:48]} 0-1

[Event "DEM U18w 2025"]
[Site "Willingen GER"]
[Date "2025.06.10"]
[Round "4"]
[White "Heidemann, Nora"]
[Black "Neumann, Helena"]
[Result "1/2-1/2"]
[Termination "normal"]
[Board "1"]
[BlackTitle "WFM"]
[WhiteElo "1851"]
[BlackElo "2017"]
[WhiteClock "01:09:17"]
[BlackClock "00:30:23"]
[PlyCount "108"]
[WhiteFideId "34609253"]
[BlackFideId "16275365"]
[EventCountry "GER"]
[EventRounds "9"]
[EventType "swiss"]
[EventDate "2025.06.07"]

1. c4 {[%clk 01:30:57]} {[%emt 00:00:02]} c5 {[%clk 01:30:45]} {[%emt
00:00:15]} 2. e4 {[%clk 01:31:21]} {[%emt 00:00:08]} Nc6 {[%clk 01:27:40]}
{[%emt 00:03:34]} 3. Ne2 {[%clk 01:31:46]} {[%emt 00:00:05]} Nd4 {[%clk
01:23:30]} {[%emt 00:04:40]} 4. Nbc3 {[%clk 01:31:43]} {[%emt 00:00:34]} g6
{[%clk 01:23:33]} {[%emt 00:00:26]} 5. d3 {[%clk 01:32:07]} {[%emt 00:00:06]}
Bg7 {[%clk 01:23:14]} {[%emt 00:00:48]} 6. Nxd4 {[%clk 01:31:08]} {[%emt
00:01:29]} cxd4 {[%clk 01:21:31]} {[%emt 00:02:13]} 7. Ne2 {[%clk 01:31:30]}
{[%emt 00:00:08]} e6 {[%clk 01:16:30]} {[%emt 00:05:32]} 8. g3 {[%clk
01:31:53]} {[%emt 00:00:06]} b6 {[%clk 01:16:13]} {[%emt 00:00:48]} 9. Bg2
{[%clk 01:31:55]} {[%emt 00:00:27]} Bb7 {[%clk 01:16:38]} {[%emt 00:00:05]} 10.
O-O {[%clk 01:31:54]} {[%emt 00:00:31]} h6 {[%clk 01:13:34]} {[%emt 00:03:34]}
11. b4 {[%clk 01:31:17]} {[%emt 00:01:07]} Ne7 {[%clk 01:11:03]} {[%emt
00:03:01]} 12. Bb2 {[%clk 01:28:23]} {[%emt 00:03:24]} e5 {[%clk 01:11:27]}
{[%emt 00:00:06]} 13. b5 {[%clk 01:26:23]} {[%emt 00:02:31]} f5 {[%clk
01:09:11]} {[%emt 00:02:46]} 14. f4 {[%clk 01:24:05]} {[%emt 00:02:47]} d6
{[%clk 01:05:58]} {[%emt 00:03:43]} 15. a4 {[%clk 01:16:33]} {[%emt 00:08:02]}
O-O {[%clk 01:01:14]} {[%emt 00:05:14]} 16. Qe1 {[%clk 01:14:56]} {[%emt
00:02:07]} Rc8 {[%clk 00:59:02]} {[%emt 00:02:43]} 17. Nc1 {[%clk 01:12:31]}
{[%emt 00:02:54]} fxe4 {[%clk 00:53:23]} {[%emt 00:06:09]} 18. Bxe4 {[%clk
01:11:39]} {[%emt 00:01:23]} Bxe4 {[%clk 00:52:40]} {[%emt 00:01:12]} 19. Qxe4
{[%clk 01:11:53]} {[%emt 00:00:16]} Nf5 {[%clk 00:53:07]} {[%emt 00:00:04]} 20.
Nb3 {[%clk 01:10:41]} {[%emt 00:01:41]} Ne3 {[%clk 00:50:17]} {[%emt 00:03:20]}
21. Rf3 {[%clk 01:09:02]} {[%emt 00:02:09]} g5 {[%clk 00:46:36]} {[%emt
00:04:11]} 22. fxe5 {[%clk 01:08:58]} {[%emt 00:00:34]} dxe5 {[%clk 00:40:22]}
{[%emt 00:06:44]} 23. Bc1 {[%clk 01:06:50]} {[%emt 00:02:38]} Rxf3 {[%clk
00:37:27]} {[%emt 00:03:25]} 24. Qxf3 {[%clk 01:07:13]} {[%emt 00:00:06]} Qd7
{[%clk 00:37:36]} {[%emt 00:00:23]} 25. Bxe3 {[%clk 01:06:04]} {[%emt
00:01:38]} dxe3 {[%clk 00:37:53]} {[%emt 00:00:13]} 26. Qxe3 {[%clk 01:05:29]}
{[%emt 00:01:06]} e4 {[%clk 00:38:07]} {[%emt 00:00:15]} 27. Re1 {[%clk
00:58:43]} {[%emt 00:07:15]} exd3 {[%clk 00:33:56]} {[%emt 00:04:43]} 28. Rd1
{[%clk 00:59:02]} {[%emt 00:00:10]} Rd8 {[%clk 00:33:27]} {[%emt 00:00:58]} 29.
Kg2 {[%clk 00:58:05]} {[%emt 00:01:27]} Qf7 {[%clk 00:21:08]} {[%emt 00:12:50]}
30. Rxd3 {[%clk 00:54:01]} {[%emt 00:04:34]} Re8 {[%clk 00:21:34]} {[%emt
00:00:04]} 31. Qf3 {[%clk 00:53:03]} {[%emt 00:01:28]} Qxc4 {[%clk 00:21:16]}
{[%emt 00:00:47]} 32. Qd5+ {[%clk 00:53:27]} {[%emt 00:00:06]} Qxd5+ {[%clk
00:21:39]} {[%emt 00:00:07]} 33. Rxd5 {[%clk 00:53:53]} {[%emt 00:00:05]} Re4
{[%clk 00:22:03]} {[%emt 00:00:07]} 34. Rd8+ {[%clk 00:53:22]} {[%emt
00:01:00]} Kh7 {[%clk 00:21:55]} {[%emt 00:00:38]} 35. a5 {[%clk 00:45:53]}
{[%emt 00:07:59]} Rb4 {[%clk 00:21:51]} {[%emt 00:00:33]} 36. axb6 {[%clk
00:46:04]} {[%emt 00:00:20]} axb6 {[%clk 00:22:16]} {[%emt 00:00:05]} 37. Rd3
{[%clk 00:45:54]} {[%emt 00:00:40]} Rxb5 {[%clk 00:22:34]} {[%emt 00:00:11]}
38. Kf3 {[%clk 00:46:11]} {[%emt 00:00:14]} Rb4 {[%clk 00:20:01]} {[%emt
00:03:03]} 39. g4 {[%clk 00:44:13]} {[%emt 00:02:28]} Rf4+ {[%clk 00:18:53]}
{[%emt 00:01:38]} 40. Kg3 {[%clk 00:43:58]} {[%emt 00:00:45]} Rc4 {[%clk
00:19:18]} {[%emt 00:00:04]} 41. h3 {[%clk 00:44:00]} {[%emt 00:00:29]} Rc3
{[%clk 00:19:36]} {[%emt 00:00:12]} 42. Rxc3 {[%clk 00:43:57]} {[%emt
00:00:34]} Bxc3 {[%clk 00:20:01]} {[%emt 00:00:04]} 43. Kf3 {[%clk 00:44:09]}
{[%emt 00:00:18]} Kg6 {[%clk 00:19:25]} {[%emt 00:01:06]} 44. Ke4 {[%clk
00:44:32]} {[%emt 00:00:07]} h5 {[%clk 00:19:29]} {[%emt 00:00:25]} 45. Kd5
{[%clk 00:44:54]} {[%emt 00:00:08]} hxg4 {[%clk 00:19:51]} {[%emt 00:00:08]}
46. hxg4 {[%clk 00:45:16]} {[%emt 00:00:08]} b5 {[%clk 00:20:18]} {[%emt
00:00:04]} 47. Ke6 {[%clk 00:45:25]} {[%emt 00:00:21]} Bb2 {[%clk 00:14:35]}
{[%emt 00:06:13]} 48. Nd2 {[%clk 00:44:44]} {[%emt 00:01:11]} Kg7 {[%clk
00:14:31]} {[%emt 00:00:33]} 49. Kd5 {[%clk 00:42:46]} {[%emt 00:02:28]} Ba3
{[%clk 00:04:57]} {[%emt 00:10:04]} 50. Ke6 {[%clk 00:39:33]} {[%emt 00:03:44]}
Kf8 {[%clk 00:03:06]} {[%emt 00:02:22]} 51. Ne4 {[%clk 00:38:16]} {[%emt
00:01:46]} Be7 {[%clk 00:01:31]} {[%emt 00:02:05]} 52. Kd5 {[%clk 00:38:34]}
{[%emt 00:00:11]} b4 {[%clk 00:01:21]} {[%emt 00:00:41]} 53. Kc4 {[%clk
00:38:54]} {[%emt 00:00:10]} Kf7 {[%clk 00:30:05]} {[%emt 00:01:46]} 54. Nxg5+
{[%clk 01:09:17]} {[%emt 00:00:07]} Bxg5 {[%clk 00:30:23]} {[%emt 00:00:13]}
1/2-1/2

[Event "DEM U18w 2025"]
[Site "Willingen GER"]
[Date "2025.06.10"]
[Round "4"]
[White "Fock, Madiha"]
[Black "Bursan, Ana-Maria"]
[Result "1-0"]
[Termination "normal"]
[Board "2"]
[WhiteElo "1830"]
[BlackElo "1894"]
[WhiteClock "00:06:42"]
[BlackClock "00:00:50"]
[PlyCount "77"]
[WhiteFideId "16253574"]
[BlackFideId "34620150"]
[EventCountry "GER"]
[EventRounds "9"]
[EventType "swiss"]
[EventDate "2025.06.07"]

1. e4 {[%clk 01:30:58]} {[%emt 00:00:02]} e6 {[%clk 01:30:53]} {[%emt
00:00:08]} 2. d4 {[%clk 01:31:21]} {[%emt 00:00:07]} d5 {[%clk 01:31:15]}
{[%emt 00:00:07]} 3. Nd2 {[%clk 01:31:43]} {[%emt 00:00:08]} Be7 {[%clk
01:31:29]} {[%emt 00:00:15]} 4. c3 {[%clk 01:26:26]} {[%emt 00:05:48]} c5
{[%clk 01:30:23]} {[%emt 00:01:35]} 5. Ngf3 {[%clk 01:23:09]} {[%emt 00:03:47]}
Nc6 {[%clk 01:28:48]} {[%emt 00:02:06]} 6. exd5 {[%clk 01:18:52]} {[%emt
00:04:48]} Qxd5 {[%clk 01:23:23]} {[%emt 00:05:54]} 7. Bc4 {[%clk 01:16:43]}
{[%emt 00:02:38]} Qf5 {[%clk 01:19:19]} {[%emt 00:04:35]} 8. dxc5 {[%clk
01:09:40]} {[%emt 00:07:33]} Bxc5 {[%clk 01:15:24]} {[%emt 00:04:25]} 9. O-O
{[%clk 01:08:37]} {[%emt 00:01:33]} Nf6 {[%clk 01:11:11]} {[%emt 00:04:43]} 10.
Nb3 {[%clk 01:04:33]} {[%emt 00:04:34]} Bb6 {[%clk 01:07:25]} {[%emt 00:04:16]}
11. Nbd4 {[%clk 00:58:30]} {[%emt 00:06:33]} Qc5 {[%clk 00:55:27]} {[%emt
00:12:28]} 12. Qe2 {[%clk 00:53:46]} {[%emt 00:05:15]} O-O {[%clk 00:49:06]}
{[%emt 00:06:50]} 13. Be3 {[%clk 00:49:22]} {[%emt 00:04:55]} Qe7 {[%clk
00:43:12]} {[%emt 00:06:23]} 14. Nxc6 {[%clk 00:43:24]} {[%emt 00:06:28]} bxc6
{[%clk 00:41:42]} {[%emt 00:02:00]} 15. Bg5 {[%clk 00:43:28]} {[%emt 00:00:25]}
h6 {[%clk 00:39:14]} {[%emt 00:02:59]} 16. Bh4 {[%clk 00:43:10]} {[%emt
00:00:48]} Bb7 {[%clk 00:33:27]} {[%emt 00:06:17]} 17. Ne5 {[%clk 00:41:42]}
{[%emt 00:01:58]} g5 {[%clk 00:27:56]} {[%emt 00:06:01]} 18. Bg3 {[%clk
00:40:35]} {[%emt 00:01:37]} Nd5 {[%clk 00:24:19]} {[%emt 00:04:07]} 19. Qh5
{[%clk 00:38:39]} {[%emt 00:02:25]} Kg7 {[%clk 00:21:04]} {[%emt 00:03:46]} 20.
Ng4 {[%clk 00:38:03]} {[%emt 00:01:06]} f6 {[%clk 00:16:21]} {[%emt 00:05:14]}
21. Qxh6+ {[%clk 00:29:25]} {[%emt 00:09:07]} Kf7 {[%clk 00:16:29]} {[%emt
00:00:22]} 22. Qh5+ {[%clk 00:29:11]} {[%emt 00:00:44]} Kg7 {[%clk 00:15:50]}
{[%emt 00:01:10]} 23. Bd3 {[%clk 00:27:49]} {[%emt 00:01:51]} Rh8 {[%clk
00:15:21]} {[%emt 00:00:58]} 24. Qg6+ {[%clk 00:28:10]} {[%emt 00:00:09]} Kf8
{[%clk 00:15:39]} {[%emt 00:00:13]} 25. c4 {[%clk 00:26:49]} {[%emt 00:01:51]}
Nf4 {[%clk 00:08:45]} {[%emt 00:07:25]} 26. Bxf4 {[%clk 00:26:23]} {[%emt
00:00:55]} gxf4 {[%clk 00:09:10]} {[%emt 00:00:05]} 27. Rae1 {[%clk 00:22:45]}
{[%emt 00:04:08]} Bd4 {[%clk 00:08:44]} {[%emt 00:00:56]} 28. Re4 {[%clk
00:21:16]} {[%emt 00:01:59]} c5 {[%clk 00:06:39]} {[%emt 00:02:35]} 29. Rxf4
{[%clk 00:20:32]} {[%emt 00:01:13]} Rg8 {[%clk 00:06:53]} {[%emt 00:00:17]} 30.
Qh5 {[%clk 00:14:57]} {[%emt 00:06:05]} Qg7 {[%clk 00:06:32]} {[%emt 00:00:51]}
31. g3 {[%clk 00:08:43]} {[%emt 00:06:44]} Ke7 {[%clk 00:03:22]} {[%emt
00:03:40]} 32. Nxf6 {[%clk 00:05:54]} {[%emt 00:03:20]} Bxf6 {[%clk 00:01:45]}
{[%emt 00:02:06]} 33. Qxc5+ {[%clk 00:06:19]} {[%emt 00:00:05]} Kd8 {[%clk
00:00:51]} {[%emt 00:01:24]} 34. Rd1 {[%clk 00:06:32]} {[%emt 00:00:17]} Rc8
{[%clk 00:00:39]} {[%emt 00:00:42]} 35. Be4+ {[%clk 00:05:50]} {[%emt
00:01:12]} Ke8 {[%clk 00:00:40]} {[%emt 00:00:30]} 36. Qb5+ {[%clk 00:06:10]}
{[%emt 00:00:09]} Kf8 {[%clk 00:00:32]} {[%emt 00:00:37]} 37. Bxb7 {[%clk
00:06:10]} {[%emt 00:00:31]} Rb8 {[%clk 00:00:40]} {[%emt 00:00:23]} 38. Qc5+
{[%clk 00:06:20]} {[%emt 00:00:18]} Qe7 {[%clk 00:00:50]} {[%emt 00:00:21]} 39.
Rxf6+ {[%clk 00:06:42]} {[%emt 00:00:08]} 1-0

[Event "DEM U18w 2025"]
[Site "Willingen GER"]
[Date "2025.06.10"]
[Round "4"]
[White "Bräutigam, Katerina"]
[Black "Fischer, Darja"]
[Result "1-0"]
[Termination "normal"]
[Board "3"]
[WhiteTitle "WFM"]
[WhiteElo "2095"]
[BlackElo "1965"]
[WhiteClock "00:23:19"]
[BlackClock "00:21:16"]
[PlyCount "85"]
[WhiteFideId "16242980"]
[BlackFideId "16240898"]
[EventCountry "GER"]
[EventRounds "9"]
[EventType "swiss"]
[EventDate "2025.06.07"]

1. e4 {[%clk 01:30:57]} {[%emt 00:00:02]} c5 {[%clk 01:30:58]} {[%emt
00:00:02]} 2. b3 {[%clk 01:31:22]} {[%emt 00:00:05]} g6 {[%clk 01:31:21]}
{[%emt 00:00:07]} 3. Bb2 {[%clk 01:31:42]} {[%emt 00:00:09]} Nf6 {[%clk
01:31:47]} {[%emt 00:00:05]} 4. e5 {[%clk 01:32:03]} {[%emt 00:00:10]} Nd5
{[%clk 01:32:10]} {[%emt 00:00:06]} 5. Nc3 {[%clk 01:32:19]} {[%emt 00:00:13]}
Nxc3 {[%clk 01:31:44]} {[%emt 00:00:56]} 6. dxc3 {[%clk 01:32:44]} {[%emt
00:00:06]} Nc6 {[%clk 01:32:08]} {[%emt 00:00:06]} 7. Qd5 {[%clk 01:31:21]}
{[%emt 00:01:52]} e6 {[%clk 01:32:22]} {[%emt 00:00:17]} 8. Qe4 {[%clk
01:31:02]} {[%emt 00:00:48]} Bg7 {[%clk 01:31:05]} {[%emt 00:01:48]} 9. f4
{[%clk 01:27:57]} {[%emt 00:03:35]} d5 {[%clk 01:18:25]} {[%emt 00:13:11]} 10.
Qf3 {[%clk 01:10:04]} {[%emt 00:18:22]} O-O {[%clk 01:04:01]} {[%emt 00:14:55]}
11. O-O-O {[%clk 00:57:12]} {[%emt 00:13:21]} f6 {[%clk 00:49:47]} {[%emt
00:14:45]} 12. exf6 {[%clk 00:50:58]} {[%emt 00:06:43]} Qxf6 {[%clk 00:47:17]}
{[%emt 00:03:01]} 13. Nh3 {[%clk 00:47:07]} {[%emt 00:04:19]} a6 {[%clk
00:38:48]} {[%emt 00:09:00]} 14. Qe3 {[%clk 00:33:13]} {[%emt 00:14:24]} b6
{[%clk 00:30:56]} {[%emt 00:08:23]} 15. Kb1 {[%clk 00:28:22]} {[%emt 00:05:20]}
Bd7 {[%clk 00:25:43]} {[%emt 00:05:43]} 16. g3 {[%clk 00:23:34]} {[%emt
00:05:17]} Rfc8 {[%clk 00:21:31]} {[%emt 00:04:43]} 17. Ng5 {[%clk 00:17:19]}
{[%emt 00:06:45]} Qe7 {[%clk 00:13:34]} {[%emt 00:08:27]} 18. Bh3 {[%clk
00:14:13]} {[%emt 00:03:36]} Re8 {[%clk 00:12:17]} {[%emt 00:01:47]} 19. Rhe1
{[%clk 00:13:15]} {[%emt 00:01:27]} Qd6 {[%clk 00:12:23]} {[%emt 00:00:25]} 20.
Qd3 {[%clk 00:07:07]} {[%emt 00:06:38]} b5 {[%clk 00:10:15]} {[%emt 00:02:38]}
21. Re3 {[%clk 00:03:06]} {[%emt 00:04:30]} h6 {[%clk 00:07:18]} {[%emt
00:03:28]} 22. Nf3 {[%clk 00:03:14]} {[%emt 00:00:22]} Ne7 {[%clk 00:07:28]}
{[%emt 00:00:20]} 23. Ne5 {[%clk 00:00:51]} {[%emt 00:02:52]} Bxe5 {[%clk
00:06:46]} {[%emt 00:01:13]} 24. Rxe5 {[%clk 00:00:42]} {[%emt 00:00:39]} Kf7
{[%clk 00:06:23]} {[%emt 00:00:52]} 25. Bg2 {[%clk 00:00:36]} {[%emt 00:00:36]}
Rac8 {[%clk 00:04:10]} {[%emt 00:02:44]} 26. Qd2 {[%clk 00:00:39]} {[%emt
00:00:27]} a5 {[%clk 00:03:16]} {[%emt 00:01:24]} 27. Rde1 {[%clk 00:00:38]}
{[%emt 00:00:31]} c4 {[%clk 00:02:46]} {[%emt 00:01:00]} 28. a3 {[%clk
00:00:35]} {[%emt 00:00:34]} Nc6 {[%clk 00:01:55]} {[%emt 00:01:21]} 29. R5e3
{[%clk 00:00:42]} {[%emt 00:00:21]} b4 {[%clk 00:01:56]} {[%emt 00:00:29]} 30.
cxb4 {[%clk 00:00:43]} {[%emt 00:00:29]} axb4 {[%clk 00:02:19]} {[%emt
00:00:07]} 31. bxc4 {[%clk 00:00:42]} {[%emt 00:00:31]} bxa3 {[%clk 00:01:43]}
{[%emt 00:01:06]} 32. Bxa3 {[%clk 00:00:38]} {[%emt 00:00:34]} Rb8+ {[%clk
00:01:30]} {[%emt 00:00:44]} 33. Kc1 {[%clk 00:01:07]} {[%emt 00:00:01]} Nb4
{[%clk 00:01:43]} {[%emt 00:00:17]} 34. Bxb4 {[%clk 00:01:12]} {[%emt
00:00:24]} Rxb4 {[%clk 00:01:31]} {[%emt 00:00:42]} 35. cxd5 {[%clk 00:01:17]}
{[%emt 00:00:25]} Qb6 {[%clk 00:01:24]} {[%emt 00:00:37]} 36. Kd1 {[%clk
00:00:39]} {[%emt 00:01:07]} Rd4 {[%clk 00:01:03]} {[%emt 00:00:52]} 37. Rd3
{[%clk 00:00:55]} {[%emt 00:00:14]} e5 {[%clk 00:01:09]} {[%emt 00:00:24]} 38.
Rxe5 {[%clk 00:00:42]} {[%emt 00:00:42]} Bg4+ {[%clk 00:00:46]} {[%emt
00:00:53]} 39. Ke1 {[%clk 00:00:44]} {[%emt 00:00:28]} Rb4 {[%clk 00:01:12]}
{[%emt 00:00:05]} 40. Rde3 {[%clk 00:00:33]} {[%emt 00:00:41]} Qa5 {[%clk
00:01:07]} {[%emt 00:00:35]} 41. Qc3 {[%clk 00:23:04]} {[%emt 00:07:58]} Rxe5
{[%clk 00:20:54]} {[%emt 00:10:44]} 42. fxe5 {[%clk 00:23:04]} {[%emt
00:00:30]} Rb1+ {[%clk 00:21:16]} {[%emt 00:00:08]} 43. Kf2 {[%clk 00:23:19]}
{[%emt 00:00:15]} 1-0